| 000 | 00534nam a2200193Ia 4500 | ||
|---|---|---|---|
| 008 | 220531s9999 xx 000 0 und d | ||
| 020 | _a978-81-89634-93-3 | ||
| 041 | _amar | ||
| 082 | _bSHE | ||
| 100 |
_aशेळके भास्कर _982435 |
||
| 245 | _aप्रसार माध्यमे आणि मराठी भाषा | ||
| 250 | _a1ST | ||
| 260 |
_aPune _bSnehawardhan _c2012 |
||
| 300 | _a316 | ||
| 542 | _d31-12-2018 | ||
| 650 |
_aGenral _982436 |
||
| 906 |
_d2018-2019 _f15707 |
||
| 999 |
_c45462 _d45462 |
||